Chuo Line(Rapid) stations quiz - Statistics

General Stats
  • This quiz has been taken 46 times
  • The average score is 17 of 24
Answer Stats
JC Answer % Correct
01 Tokyo
100%
05 Shinjuku
96%
02 Kanda
93%
06 Nakano
93%
03 Ochanomizu
93%
07 Koenji
89%
04 Yotsuya
89%
12 Mitaka
78%
24 Takao
78%
08 Asagaya
74%
19 Tachikawa
74%
22 Hachioji
70%
09 Ogikubo
70%
11 Kichijoji
67%
16 Kokubunji
67%
10 Nishi Ogikubo
67%
20 Hino
63%
18 Kunitachi
59%
13 Musashi Sakai
59%
17 Nishi Kokubunji
59%
21 Toyoda
59%
23 Nishi Hachioji
56%
14 Higashi Koganei
44%
15 Musashi Koganei
44%
No matching quizzes found
Score Distribution
Percent of People with Each Score
Percentile by Number Answered
Your Score History
You have not taken this quiz